| 000 | 01422nam a2200349 c 4500 | ||
|---|---|---|---|
| 001 | 22913 | ||
| 003 | ES-MaCES | ||
| 005 | 20141221122820.0 | ||
| 008 | 100316s2010 sp o t o000 | spa d | ||
| 017 |
_aVA 65-2010 _bDL |
||
| 020 | _a9788495308428 | ||
| 035 | _aCES20100002035m | ||
| 040 |
_aES-MaCES _bspa _cES-MaCES |
||
| 110 | 2 |
_aConsejo Económico y Social (Castilla y León) _92405 |
|
| 245 | 1 | 0 |
_aMemoria de actividades 2009 _cConsejo Económico y Social, Comunidad de Castilla y León |
| 260 |
_aValladolid _bCES _c[2010] |
||
| 300 |
_a2 v. (318, 582 p.) _bfot. col. _c24 cm |
||
| 505 | 0 | _at. I -- t. II: anexo : informes preceptivos emitidos en 2009 | |
| 541 | _cGratuito | ||
| 610 | 2 | 4 |
_aConsejo Económico y Social (Castilla y León) _92405 |
| 650 | 4 |
_amemoria anual _928977 |
|
| 650 | 4 |
_ainforme de actividades _928984 |
|
| 650 | 4 |
_ainforme _928986 |
|
| 650 | 4 |
_a2009 _931942 |
|
| 653 | 1 | 0 | _aAdministración-Instituciones públicas |
| 740 | 0 | 2 | _aInformes preceptivos emitidos en 2009 / Consejo Económico y Social de la Comunidad de Castilla y León |
| 787 | 0 |
_tMemoria de actividades 2010 / Consejo Económico y Social, Comunidad de Castilla y León _w(ES-MaCES)23639 |
|
| 787 | 0 |
_tMemoria de actividades 2008 / Consejo Económico y Social, Comunidad de Castilla y León _w(ES-MaCES)22439 |
|
| 902 | _aLIB Libro | ||
| 942 |
_2CES _cBK _h6.3. |
||
| 999 |
_c22913 _d22913 |
||